| 000 | 01123nam a22004097a 4500 | ||
|---|---|---|---|
| 001 | BR7908155 | ||
| 003 | BR-BrBNA | ||
| 005 | 20230928090336.0 | ||
| 007 | ta | ||
| 008 | 230509b bl.||||| |||| 00| 0 por d | ||
| 040 |
_aBR-BrBNA _bpor _cBiblioteca Nacional de Agricultura |
||
| 041 | _a(Por) | ||
| 072 |
_aL00; L30; E70 _b5600 _b9706 _b8970 _b/G514 |
||
| 090 | _ 5600 BR7908155 | ||
| 100 | 1 | _aOliveira, J.A.L. de | |
| 100 | 1 | _aMenezes, R.N.T. de | |
| 110 | 1 |
_aBanco do Nordeste do Brasil S.A., Fortaleza, CE. Depto. de Estudos Economicos do Nordeste _91157 |
|
| 245 | 1 | _aA cunicultura no nordeste [Brasil] | |
| 260 | 3 |
_aFortaleza, CE (Brasil): _c1979. |
|
| 300 | _a116 p. | ||
| 500 | _aSummary (Por); 35 illus.; 16 ref. | ||
| 650 | _aCUNICULTURA | ||
| 650 | _aCOELHO | ||
| 650 | _aCARNE | ||
| 650 | _aPELE | ||
| 650 | _aRACA | ||
| 650 | _aCRIACAO | ||
| 650 | _aMANEJO | ||
| 650 | _aREPRODUCAO ANIMAL | ||
| 650 | _aNUTRICAO ANIMAL | ||
| 650 | _aCOMERCIALIZACAO | ||
| 650 | _aABATE | ||
| 650 | _aMERCADO | ||
| 650 | _aREGIAO NORDESTE | ||
| 909 |
_a202309 _bLucia _c55 _dLucia Elande |
||
| 942 | _cBK | ||
| 999 |
_c28501 _d28501 |
||